000
00282nam a22001337a 4500
008
170213b xxu||||| |||| 00| 0 eng d
020
_a
0915473356
041
_a
eng
080
_2
4ED
_a
61
100
_a
4
101
_a
SHM
245
_a
PERINATAL CARE
_c
JOHN HAUTH
942
_2
udc
_c
BK
999
_c
5232
_d
5232